To Some Connections between Remittances and Financial Inclusion

Prevody peňažných prostriedkov a ich mimoriadne pozitívny efekt na hospodársky rast. Stručný pohľad na vzájomný pomer medzi finančnými prevodmi a finančnou inklúziou. Rozličné typy inštitúcií zapojených na trhu remitencií.

Guardado en:
Detalles Bibliográficos
Autor principal: Přívarová, Magdaléna, 1955-
Formato: Capítulo de libro
Lenguaje:inglés
Materias:
Etiquetas: Agregar Etiqueta
Sin Etiquetas, Sea el primero en etiquetar este registro!

MARC

LEADER 00000naa$a2200000$$$4500
001 0258998
005 20250514124540.2
041 0 |a eng 
044 |a BG 
245 1 0 |a To Some Connections between Remittances and Financial Inclusion  |c Magdaléna Přívarová 
520 |a Prevody peňažných prostriedkov a ich mimoriadne pozitívny efekt na hospodársky rast. Stručný pohľad na vzájomný pomer medzi finančnými prevodmi a finančnou inklúziou. Rozličné typy inštitúcií zapojených na trhu remitencií. 
610 2 0 |a služby finančné 
610 2 0 |a migrácia 
610 2 0 |a prostriedky peňažné 
610 2 0 |a vývoj hospodársky 
610 2 0 |a inklúzia finančná 
100 1 |a Přívarová, Magdaléna, 1955-